Manual on human rights reporting : under six major international human rights instruments /

Bibliographic Details
Corporate Authors: United Nations. Office of the High Commissioner for Human Rights, United Nations Institute for Training and Research, United Nations. Staff College Project
Format: Book
Language:English
Published: Geneva : United Nations, 1997.
Subjects:

MARC

Tag First Indicator Second Indicator Subfields
LEADER 00000cam a2200000 a 4500
001 in00001471663
005 20151021053947.0
008 980105s1997 sz b 000 0 eng d
020 |a 9211007526 
035 |a (OCoLC)38154503 
035 |9 AJE9380AM 
040 |a FUG  |c FUG  |d TXA  |d UtOrBLW 
049 |a TXAM 
090 |a K3240.4  |b .M361 1997 
245 0 0 |a Manual on human rights reporting :  |b under six major international human rights instruments /  |c Office of the High Commissioner for Human Rights, United Nations Institute for Training and Research (UNITAR), United Nations Staff College Project. 
264 1 |a Geneva :  |b United Nations,  |c 1997. 
300 |a xiii, 537 pages ;  |c 30 cm. 
336 |a text  |b txt  |2 rdacontent 
337 |a unmediated  |b n  |2 rdamedia 
338 |a volume  |b nc  |2 rdacarrier 
500 |a "HR/PUB/91/1 (Rev.1)." 
500 |a "United Nations publication sales number GV.E.97.0.16"--Title page verso. 
504 |a Includes bibliographical references (pages 511-518). 
650 0 |a Human rights. 
710 2 |a United Nations.  |b Office of the High Commissioner for Human Rights. 
710 2 |a United Nations Institute for Training and Research. 
710 2 |a United Nations.  |b Staff College Project. 
948 |a c:pk 
999 |a MARS 
999 f f |s 5ea1408e-8a99-3bc6-8fb0-470ebfa7219d  |i 35deae76-522a-3500-9af8-98ab49859b40  |t 0 
952 f f |p ric  |a Texas A&M University  |b Rellis Campus  |c Joint Library Facility  |d Remote Storage  |t 0  |e K3240.4 .M361 1997  |h Library of Congress classification  |i unmediated -- volume  |m A14824079816 
998 f f |a K3240.4 .M361 1997  |t 0  |l Remote Storage